000
00221 a2200097 4500
001
19989
100
_a
Hussain, T T
245
_a
Fundamentals of physics (Vol-I)
260
_a
_b
Qaum Kutub Khana
_c
090
_c
14593
_d
14593
942
_a
NUST-CAE
_c
M
_c
5106
999
_c
255062
_d
255062